Statistics for Groups of Four Quiz #2

Click here to take the quiz!

General Stats

  • This quiz has been taken 87,487 times
    (23,638 since last reset)
  • The average score is 38 of 64

Answer Stats

Group Answer % Correct
Capitals of U.K. CountriesLondon
96%
First Four Greek LettersAlpha
93%
First Four Greek LettersBeta
91%
Presidents on Mt. RushmoreGeorge Washington
84%
Swiss LanguagesFrench
84%
Swiss LanguagesGerman
83%
Phases of MatterLiquid
82%
Precious GemstonesRuby
82%
Precious GemstonesDiamond
82%
Phases of MatterGas
81%
Phases of MatterSolid
81%
Presidents on Mt. RushmoreAbraham Lincoln
81%
Most-Grown Staple CropsCorn
80%
Types of Human TeethMolars
80%
Capitals of U.K. CountriesEdinburgh
80%
Things a Bride Should WearSomething {New}
77%
First Four Greek LettersDelta
76%
Things a Bride Should WearSomething {Blue}
76%
Most-Grown Staple CropsWheat
75%
Things a Bride Should WearSomething {Old}
75%
Hogwarts HousesGryffindor
75%
Hogwarts HousesSlytherin
74%
Precious GemstonesEmerald
74%
Bones of the LegFemur
72%
Swiss LanguagesItalian
72%
Things a Bride Should WearSomething {Borrowed}
71%
Capitals of U.K. CountriesBelfast
70%
Hogwarts HousesHufflepuff
70%
Precious GemstonesSapphire
70%
Capitals of U.K. CountriesCardiff
69%
Types of Human TeethCanines
67%
First Four Greek LettersGamma
66%
Presidents on Mt. RushmoreTheodore Roosevelt
64%
Bones of the LegTibia
64%
Hogwarts HousesRavenclaw
63%
Arab Spring Countries with Regime ChangesEgypt
62%
Types of Human TeethIncisors
62%
Presidents on Mt. RushmoreThomas Jefferson
60%
Most-Grown Staple CropsRice
56%
Arab Spring Countries with Regime ChangesLibya
56%
Capital Cities on the DanubeBudapest
55%
Great Inventions of Ancient ChinaGunpowder
54%
Capital Cities on the DanubeVienna
52%
Phases of MatterPlasma
50%
Great Inventions of Ancient ChinaPaper
50%
Arab Spring Countries with Regime ChangesTunisia
49%
Bones of the LegFibula
44%
The Fantastic FourThe Thing
44%
The Fantastic FourThe Human Torch
38%
Arab Spring Countries with Regime ChangesYemen
37%
The Fantastic FourMr. Fantastic
37%
The Fantastic FourThe Invisible Woman
37%
Bones of the LegPatella
37%
Types of Human TeethPremolars
35%
Capital Cities on the DanubeBratislava
34%
Capital Cities on the DanubeBelgrade
31%
Swiss LanguagesRomansh
31%
Most-Grown Staple CropsPotatoes
31%
Great Inventions of Ancient ChinaPrinting
20%
Great Inventions of Ancient ChinaCompass
17%
Four TemperamentsSanguine
16%
Four TemperamentsMelancholic
14%
Four TemperamentsCholeric
13%
Four TemperamentsPhlegmatic
12%

Score Distribution

Percentile by Number Answered

Percent of People with Each Score

Your Score History

You have not taken this quiz since the last reset